Países com Geleiras - Statistics

Estatísticas Gerais
  • Esse quiz foi jogado 2 819 vezes
    2 075 desde o último reset
  • A pontuação média é 29 de 48
Estatísticas das Respostas
Continente País % Correto
Ásia/Europa Rússia
94%
América do Sul Argentina
93%
América do Sul Chile
93%
América do Norte Canadá
91%
América do Norte Estados Unidos
90%
Europa Noruega
89%
Europa Suécia
89%
Ásia China
88%
América do Sul Peru
83%
América do Sul Colômbia
81%
América do Sul Equador
81%
América do Norte México
81%
América do Sul Bolívia
80%
Europa França
79%
Ásia Japão
79%
Oceania Nova Zelândia
79%
Europa Alemanha
78%
Europa Suíça
76%
Europa Islândia
75%
América do Sul Venezuela
74%
Europa Itália
71%
Ásia Índia
70%
Europa Espanha
67%
Europa Áustria
61%
Ásia Mongólia
61%
Ásia Nepal
61%
Ásia Cazaquistão
60%
Ásia Butão
53%
Ásia Paquistão
53%
Ásia Afeganistão
49%
Ásia Turquia
46%
Ásia Azerbaijão
44%
Ásia Armênia
43%
Ásia Quirguistão
43%
Ásia Tajiquistão
43%
Ásia Irã
42%
Ásia Indonésia
40%
Europa Albânia
39%
Ásia Geórgia
39%
Europa Eslovênia
38%
Europa Romênia
35%
África Tanzânia
34%
África Quênia
33%
África RD Congo
31%
Europa Bulgária
30%
África Uganda
27%
Ásia Birmânia
24%
Europa Montenegro
19%
Nenhum quiz correspondente encontrado
Distribuição das Pontuações
Porcentagem de Pessoas com Cada Pontuação
Percentil de Números Respondidos
Sua Pontuação Histórica
Você não jogou esse quiz desde o último reset